<?xml version="1.0" encoding="UTF-8"?>
<record
    xmlns:xsi="http://www.w3.org/2001/XMLSchema-instance"
    xsi:schemaLocation="http://www.loc.gov/MARC21/slim http://www.loc.gov/standards/marcxml/schema/MARC21slim.xsd"
    xmlns="http://www.loc.gov/MARC21/slim">

  <leader>00792nas a22002057a 4500</leader>
  <datafield tag="999" ind1=" " ind2=" ">
    <subfield code="c">6547</subfield>
    <subfield code="d">6547</subfield>
  </datafield>
  <controlfield tag="003">OSt</controlfield>
  <controlfield tag="005">20181016130953.0</controlfield>
  <controlfield tag="008">130702c1998    sp fr||| |||| 00| 0 cat d</controlfield>
  <datafield tag="022" ind1=" " ind2=" ">
    <subfield code="a">1575-5886</subfield>
  </datafield>
  <datafield tag="040" ind1=" " ind2=" ">
    <subfield code="c">CDMR</subfield>
    <subfield code="b">cat</subfield>
  </datafield>
  <datafield tag="245" ind1="0" ind2="0">
    <subfield code="a">BiD</subfield>
    <subfield code="b">: textos universitaris de biblioteconomia i documentaci&#xF3;</subfield>
    <subfield code="h">[recurs electr&#xF2;nic]</subfield>
  </datafield>
  <datafield tag="260" ind1=" " ind2=" ">
    <subfield code="a">Barcelona</subfield>
    <subfield code="b">Universitat de Barcelona. Facultat de Biblioteconomia i Documentaci&#xF3;</subfield>
    <subfield code="c">1998-</subfield>
  </datafield>
  <datafield tag="310" ind1=" " ind2=" ">
    <subfield code="a">Semestral</subfield>
  </datafield>
  <datafield tag="362" ind1=" " ind2=" ">
    <subfield code="a">N&#xFA;m. 1 (juny 1998) - </subfield>
  </datafield>
  <datafield tag="650" ind1="0" ind2="4">
    <subfield code="9">4578</subfield>
    <subfield code="a">Comunicaci&#xF3; en biblioteconomia</subfield>
  </datafield>
  <datafield tag="650" ind1="0" ind2="4">
    <subfield code="9">4579</subfield>
    <subfield code="a">Comunicaci&#xF3; en ci&#xE8;ncies de la informaci&#xF3;</subfield>
  </datafield>
  <datafield tag="710" ind1="2" ind2=" ">
    <subfield code="9">3908</subfield>
    <subfield code="a">Universitat de Barcelona</subfield>
    <subfield code="b"> -- Facultat de Biblioteconomia i Documentaci&#xF3;</subfield>
  </datafield>
  <datafield tag="856" ind1="4" ind2="0">
    <subfield code="u">http://www.ub.edu/bid/</subfield>
    <subfield code="y">Disponible en l&#xED;nia</subfield>
    <subfield code="z">(Acc&#xE9;s lliure)</subfield>
  </datafield>
  <datafield tag="856" ind1="4" ind2="0">
    <subfield code="u">https://dialnet.unirioja.es/servlet/revista?codigo=1950</subfield>
    <subfield code="y">Disponible en l&#xED;nia (Dialnet)</subfield>
  </datafield>
  <datafield tag="942" ind1=" " ind2=" ">
    <subfield code="2">udc</subfield>
    <subfield code="c">SER</subfield>
  </datafield>
  <datafield tag="952" ind1=" " ind2=" ">
    <subfield code="0">0</subfield>
    <subfield code="1">0</subfield>
    <subfield code="4">0</subfield>
    <subfield code="7">0</subfield>
    <subfield code="a">CDMR</subfield>
    <subfield code="b">CDMR</subfield>
    <subfield code="d">2013-07-02</subfield>
    <subfield code="h">N&#xFA;m. 1 (juny 1998) -</subfield>
    <subfield code="l">2</subfield>
    <subfield code="p">CDMR13076792</subfield>
    <subfield code="r">2013-09-16</subfield>
    <subfield code="s">2013-09-13</subfield>
    <subfield code="w">2013-07-02</subfield>
    <subfield code="y">SER-E</subfield>
  </datafield>
</record>
